[Event "GER Seniors Derby 07th"]
[Site "Wesel Undeloh"]
[Date "2008.03.29"]
[Round "5.14"]
[White "Neye, Wilfried"]
[Black "Beran, Ingo"]
[Result "0-1"]
[WhiteElo "1425"]
[BlackElo "1657"]
[PlyCount "24"]
[EventDate "2008.03.27"]
[EventType "swiss"]
[EventRounds "7"]
[EventCountry "GER"]
[SourceTitle "EXT 2022"]
[Source "ChessBase"]
[SourceDate "2021.10.06"]
[SourceVersion "1"]
[SourceVersionDate "2021.10.06"]
[SourceQuality "1"]

1. Nf3 d5 2. d4 e6 3. g3 c5 4. e3 Nc6 5. Bg2 Nf6 6. 0-0 Be7 7. b3 cxd4 8. Nxd4 Nxd4 9. Qxd4 0-0 10. Bb2 Ne8 11. Nd2 Bf6 12. Qd3 Bxb2 0-1

[Event "GER Seniors Derby 07th"]
[Site "Wesel Undeloh"]
[Date "2008.03.27"]
[Round "2.15"]
[White "Beran, Ingo"]
[Black "Schoebel, Klaus"]
[Result "1-0"]
[WhiteElo "1657"]
[BlackElo "1553"]
[PlyCount "76"]
[EventDate "2008.03.27"]
[EventType "swiss"]
[EventRounds "7"]
[EventCountry "GER"]
[SourceTitle "EXT 2022"]
[Source "ChessBase"]
[SourceDate "2021.10.06"]
[SourceVersion "1"]
[SourceVersionDate "2021.10.06"]
[SourceQuality "1"]

1. c4 e6 2. d4 d5 3. Nc3 c6 4. e3 Nf6 5. Bd3 Be7 6. Nf3 0-0 7. 0-0 Nbd7 8. c5 Qc7 9. b4 e5 10. dxe5 Nxe5 11. Be2 Nfg4 12. g3 Nxf3+ 13. Bxf3 Ne5 14. Bg2 b6 15. cxb6 axb6 16. Rb1 Bf6 17. Qc2 Nc4 18. Bb2 Qd6 19. b5 Be6 20. Rfd1 Bg4 21. Rdc1 c5 22. Bxd5 Na3 23. Bxa3 Rxa3 24. Bb3 c4 25. Ne4 cxb3 26. Rxb3 Qe7 27. Nxf6+ gxf6 28. Qb2 Rxb3 29. Qxb3 Bh3 30. f3 Qd7 31. Rd1 Qc7 32. Qb2 Qe7 33. Re1 Rd8 34. Kf2 Qd6 35. Ke2 Qd3+ 36. Kf2 Kg7 37. g4 Qd6 38. f4 Qd5 1-0

[Event "GER Seniors Derby 07th"]
[Site "Wesel Undeloh"]
[Date "2008.03.27"]
[Round "1.3"]
[White "Seibt, Friedebert"]
[Black "Beran, Ingo"]
[Result "1-0"]
[WhiteElo "2068"]
[BlackElo "1657"]
[PlyCount "97"]
[EventDate "2008.03.27"]
[EventType "swiss"]
[EventRounds "7"]
[EventCountry "GER"]
[SourceTitle "EXT 2022"]
[Source "ChessBase"]
[SourceDate "2021.10.06"]
[SourceVersion "1"]
[SourceVersionDate "2021.10.06"]
[SourceQuality "1"]

1. e4 c6 2. d4 d5 3. e5 Bf5 4. Nd2 e6 5. Nb3 Nd7 6. Nf3 h6 7. Be2 Rc8 8. 0-0 c5 9. dxc5 Bxc5 10. Nxc5 Nxc5 11. Nd4 Ne7 12. Nb5 0-0 13. Nxa7 Ra8 14. Nb5 Nc8 15. Be3 b6 16. Nd4 Bh7 17. f4 Ne7 18. Bg4 Qc8 19. Qe2 Re8 20. Rfd1 Qa6 21. Qxa6 Rxa6 22. Be2 Raa8 23. Bb5 Rec8 24. a4 Nf5 25. Nxf5 Bxf5 26. Rdc1 Rcb8 27. h3 Kf8 28. Kf1 Ke7 29. Ke2 Kd8 30. g4 Be4 31. b4 Nd7 32. c4 dxc4 33. Rxc4 Bb7 34. Rd4 Bd5 35. Rad1 Ra7 36. Rxd5 exd5 37. Rxd5 Rc7 38. Rd6 Ke7 39. Bxd7 Rxd7 40. Rxb6 Rdb7 41. Bc5+ Kd7 42. Rd6+ Kc8 43. Kd3 Rd7 44. Kc4 Rxd6 45. Bxd6 Ra8 46. Kb3 Kd7 47. b5 f6 48. Kb4 Ke6 49. b6 1-0